Entry Personal Name
Number of records used in: 1
001 - CONTROL NUMBER
003 - CONTROL NUMBER IDENTIFIER
005 - DATE AND TIME OF LATEST TRANSACTION
- control field:
20231009161445.0
008 - FIXED-LENGTH DATA ELEMENTS
- fixed length control field:
180509n| azannaabn |n aaa c
010 ## - LIBRARY OF CONGRESS CONTROL NUMBER
- LC control number:
no2018062167
035 ## - SYSTEM CONTROL NUMBER
- System control number:
(OCoLC)oca11336658
040 ## - CATALOGING SOURCE
- Original cataloging agency:
IeDuTC
- Language of cataloging:
eng
- Description conventions:
rda
- Transcribing agency:
IeDuTC
- Modifying agency:
DLC
046 ## - SPECIAL CODED DATES
053 #0 - LC CLASSIFICATION NUMBER
- Classification number element--single number or beginning number of span:
PR6107.I4848
100 1# - HEADING--PERSONAL NAME
- Personal name:
Gilmartin, Sarah
370 ## - ASSOCIATED PLACE
- Associated country:
Ireland
- Source of term:
naf
374 ## - OCCUPATION
- Occupation:
Journalists
- Occupation:
Editors
- Source of term:
lcsh
377 ## - ASSOCIATED LANGUAGE
670 ## - SOURCE DATA FOUND
- Source citation:
Stinging fly stories : celebrating our first 20 years 1998-2018, 2018 :
- Information found:
t.p (Sarah Gilmartin)
670 ## - SOURCE DATA FOUND
- Source citation:
Her LinkedIn profile, 8 May 2018 :
- Information found:
(freelance journalist and editor)
- Uniform Resource Identifier:
https://www.linkedin.com/in/sarah-gilmartin-6712471a/
670 ## - SOURCE DATA FOUND
- Source citation:
Dinner party, 2022:
- Information found:
t.p. (Sarah Gilmartin) p. facing t.p. (critic who reviews fiction for the Irish Times; co-editor of the anthology Stinging fly stories; MFA from University College Dublin)